000 00490nam a22001697a 4500
003 PILC
005 20150112093437.0
008 130227t xxu||||| |||| 00| 0 eng d
020 _a075933871X
050 _aHF 5415.13
_b.J35 2004
082 _aMkSF 658.80221
_bJ19 2004
100 _aJain, Subash C.
_916465
245 _aMarketing Planning & Strategy /
_cSubhash C. Jain
260 _bThomson Publication
_c2007.
300 _a935 pages :
_c24 cm.
_billustration ;
942 _2lcc
_cBK
999 _c14621
_d14621